A Commentary on the Sectional Titles Act 1971 / (Record no. 363)

MARC details
000 -LEADER
fixed length control field 00530nam a22001697a 4500
005 - DATE AND TIME OF INPUT
control field 20231107101921.0
008 - DATA ELEMENTS--GENERAL INFORMATION
fixed length control field 231107b |||||||| |||| 00| 0 eng d
020 ## - INTERNATIONAL STANDARD BOOK NUMBER
International Standard Book Number 409051104
041 ## - LANGUAGE CODE
Language code of text English
082 ## - SHELF NUMBER
DDC number 346.43 ROR
100 ## - MAIN AUTHOR
Main author's name Rorke, RF
Language of a work English
245 ## - TITLE STATEMENT
Title A Commentary on the Sectional Titles Act 1971 /
Statement of responsibility, etc. RF Rorke
260 ## - PUBLICATION, DISTRIBUTION, ETC.
Place of publication, distribution, etc. Durban :
Name of publisher, distributor, etc. Butterworth and Company (Pty) Ltd,
Date of publication, distribution, etc. 1972
300 ## - PHYSICAL DESCRIPTION
Other physical details xiii, 214 pages ;
Dimensions 24,3 cm.
650 ## - SUBJECT`
Broad subject Legal practice
Own subject terms Law
942 ## - ADDED ENTRY ELEMENTS (KOHA)
Item type Books
942 ## - ADDED ENTRY ELEMENTS (KOHA)
-- ALISON_BN_VRIES
Holdings
Source of classification or shelving scheme Not for loan Collection code Home library Current library Shelving location Date acquired Full call number Barcode Price effective from Koha item type
Dewey Decimal Classification   TEXT BOOKS LAW SOCIETY OF NAMIBIA LIBRARY - WINDHOEK LAW SOCIETY OF NAMIBIA LIBRARY - WINDHOEK Property law 11/07/2023 346.43 ROR LSN/1987/196 11/07/2023 Books